000 00806nam a2200265Ia 4500
003 OSt
005 20220918163319.0
006 a|||||r|||| 00| 0
007 ta
008 220917b |||||||| |||| 00| 0 eng d
020 _a0 521 65884 5 (pbk)
024 _a222,863
037 _cTextual
040 _aARTS
_cARTS
_beng
041 _2eng
_aeng
082 _aO111,6I83:g(Y15), P3
100 _aKarant-Nunn Susan C. Ed.
_912618
245 0 _aLuther on women
_b A sourcebook
260 _aCambridge
_bCambridge Univ. press UK
_c2003
300 _avii, 246p
_ccm.
650 _aENGLISH LITERATURE
700 _a Wiesner-Hanks Merry E. Ed.
_912619
942 _hO111,6I83:g(Y15), P3
_cTEXL
_2CC
999 _c119049
_d119049